=LDR 00000nam 2200000 4500 =001 INLIS000000000018964 =005 20181114012209 =035 ##$$a 0010-061300000018964 =008 181114###########################0#ind## =041 ##$$a Ind =082 ##$$a 658.830 28 =090 ##$$a 658.830 28, Sup t =100 ##$$a Supranto, J =245 1#$$a Teknik riset pemasaran dan remalan perjualan, /$c oleh J. Supranto, MA =260 ##$$a Jakarta :$b Rineka cipta,$c 1990 =300 ##$$a x, 306 hlm, : $b ilus, ; $c 21 cm =650 ##$$a Manajemen penjualan =850 ##$$a NBPNMAT =084 ##$$a 658.830 28 SUP t =990 ##$$a 0001/BPAP-NTB/20142015 =990 ##$$a 84658465 =990 ##$$a 112.914 pro.97 =990 ##$$a 0001/BPAP-NTB/20142015